Tłumaczenia hiszpańskich imion - Statystyki

Ogólne statystyki
  • Ten quiz został rozwiązany 94 razy
  • Średni wynik to 17 z 22
Statystyki odpowiedzi
Hiszpański Polski % Poprawnych
Carlos Karol
98%
Felipe Filip
96%
Alicia Alicja
95%
Mateo Mateusz
95%
Pablo Paweł
95%
Juan Jan
94%
Pedro Piotr
94%
Isabel Elżbieta / Izabela
93%
Marcos Marek
92%
Alejandro Aleksander
89%
Eduardo Edward
89%
Miguel Michał
82%
Cristóbal Krzysztof
81%
Sergio Sergiusz
70%
Jorge Jerzy
67%
Enrique Henryk
64%
Elena Helena
60%
Julio Juliusz
57%
José Józef
56%
Javier Ksawery
56%
Diego Jakub
43%
Esteban Stefan
43%
Nie znaleziono quizów pasujących do podanych kryteriów
Rozkład punktacji
Procent ludzi z każdym wynikiem
Percentyl według liczby udzielonych odpowiedzi
Twoja historia wyników
Nie rozwiązałeś tego quizu